Дело по донесению состоящего в должности Минского гражданского губернатора о том, следует ли допустить отправку представленных п...

Доступно только в Электронных читальных залах Найти на картеНа карте
RUSMARC
00003842nmc2a22000003x 450
0012db369f9-78a6-4243-9d34-27ab140fe578
00520180402132401.0
100##$a20160202l18411841k l0rusy0189 ca
1010#$arus
102##$aRU
2001#$aДело по донесению состоящего в должности Минского гражданского губернатора о том, следует ли допустить отправку представленных помещиком Булгаком 500 рублей для пересылки к брату его, сосланному в Сибирь на поселение и какой мерой должно ограничиваться таковое пособие
$j15 мая - 17 июня 1841 г.
251##$cДело
300##$aДело
801#0$aRU
$bРГИА
$c20160202
$gRCR
801#1$aRU
$bГлавНИВЦ
$c20160202
$2rusmarc
801#2$aRU
$bПБ им. Б.Н. Ельцина
$c20180402
$gRCR
$2rusmarc
850##$aРГИА
852##$aРГИА
$eФедеральное казенное учреждение "Российский государственный исторический архив" (РГИА)
$j348
937##$hРГИА
$d12186680
$aASBIBLIO_SCAN
462#0$1001d84ca311-0ff2-4bc1-993d-58ba7069b925
$12001
$a1841-1843 гг. Дела Департамента полиции исполнительной МВД за 1841 г.
$1251
$cОпись
$1852
$j8
461#0$10013e300ed0-cd39-49af-8489-5ba5b90fa401
$12001
$aДепартамент полиции исполнительной МВД
$1251
$cФонд
$1852
$j1286
215##$a7 л.
$d36,5х26 см
371##$aДокумент не является опубликованным и широко распространяемым
105##$ay###
1222#$ad
035##$a2db369f9-78a6-4243-9d34-27ab140fe578
856##$uhttp://readingroom.main.prlib.ru/item.aspx?id_node=n114352937&mode=full
Формат отображения